El héroe: en la novela hispanoamericana del siglo XX /
Збережено в:
| Автор: | |
|---|---|
| Формат: | Невідомо |
| Мова: | Spanish |
| Опубліковано: |
Santiago de Chile:
Universitaria,
1973
|
| Предмети: | |
| Теги: |
Додати тег
Немає тегів, Будьте першим, хто поставить тег для цього запису!
|
MARC
| LEADER | 000000000a22000000004500 | ||
|---|---|---|---|
| 001 | 001077 | ||
| 008 | 170622s1973 ck ||||| |||| 00| 0 spa d | ||
| 041 | 0 | |a español | |
| 082 | |a 863.09 |b E98h | ||
| 100 | 1 | |a Eyzaguirre, Luis, |d 1926- | |
| 245 | 1 | 3 | |a El héroe: |b en la novela hispanoamericana del siglo XX / |c Luis Eyzaguirre |
| 260 | |a Santiago de Chile: |b Universitaria, |c 1973 | ||
| 300 | |a 359 páginas | ||
| 500 | |a Número de inscripción 12514 (Colección George Yúdice) | ||
| 650 | 4 | |a HEROES EN LA LITERATURA | |
| 650 | 4 | |a NOVELA HISPANOAMERICANA | |
| 942 | |2 ddc |c BK | ||
| 999 | |c 2195 |d 2195 | ||
